000 00539nam a2200193Ia 4500
008 130318s9999 xx 000 0 und d
020 _a8120313909
082 _a070 WIL/L
100 _aWilson, Gloria
245 _aLearning media design: An interactive guide to the world of media design
260 _bPHI Learning
_aNew Delhi
_c1998
300 _a116
_e1 CD
650 _aMEDIA DESIGN
650 _aMEDIA SELECTION
650 _aSCREEN DESIGN
650 _aSCRIPT WRITING
650 _aTYPOGRAPHIC DESIGN
700 _aBitter, Gary C
999 _c252
_d252